Sporclin' Through the '70s II Quiz Stats

 Plays Quiz Updated Jun 29, 2018

Challenge
Share
Tweet
Score 0/36 Timer 06:00
0 Plays Today
Hint Answer % Correct
 
▼    Movies    ▼
 
Rocky
97%
Star Wars
96.1%
 
▼    Television    ▼
 
Sesame Street
95.8%
The Jackson 5
95.4%
 
▼    Music    ▼
 
David Bowie
92.4%
Bee Gees
89.6%
Charlie's Angels
87.7%
Clint Eastwood
84.6%
Happy Days
84.1%
Alien
83.1%
ABBA
78.7%
Three's Company
72.7%
All in the Family
71.9%
Taxi Driver
70.5%
 
▼    History    ▼
 
Mao Zedong
69.8%
Neil Diamond
69.4%
 
▼    Gaming    ▼
 
Simon
67%
Pet Rock
66.6%
Hint Answer % Correct
Boggle
64.2%
Queen
62.6%
Jane Goodall
62%
Björn Borg
61.7%
Jane Fonda
61.4%
Jack Nicklaus
59.6%
Saturday Night Live
58.7%
 
▼    Sports    ▼
 
Kareem Abdul-Jabbar
55.2%
The Deer Hunter
52.6%
Chris Evert
51.7%
American Graffiti
48.8%
Asteroids
43.3%
Weebles
40.7%
Nadia Comăneci
35.8%
Pope Paul VI
29.8%
Francisco Franco
16.6%
Franz Beckenbauer
16.2%
Video Pinball
11.6%

You're not logged in!

Compare scores with friends on all Sporcle quizzes.
OR
Log In

You Might Also Like...

Show Comments

Extras

Top Quizzes Today


Score Distribution

Your Account Isn't Verified!

In order to create a playlist on Sporcle, you need to verify the email address you used during registration. Go to your Sporcle Settings to finish the process.

Report this User

Report this user for behavior that violates our Community Guidelines.

Details: